| 000 | 02158nam a22001577a 4500 | ||
|---|---|---|---|
| 041 | _aukr | ||
| 080 | _a09 | ||
| 090 | _bОРЛ | ||
| 100 | _aОрлова, А. Р. | ||
| 245 | _aАналіз метафор у англомовному художньому дискурсі роману Володимира Набокова Ada or Ardor: A Family Chronicle | ||
| 260 |
_aОстрог _bКАФ _c2014 |
||
| 300 | _a75 | ||
| 520 |
_aВступ.
Розділ І. Творчість Володимира Набокова в сучасній літературній та філософській парадигмі.
1.1. Епоха постмодерну та її вплив на літературу
1.2. Поняття та етимологія поняття "текст"
1.3. Поняття дискурсу та підходи до його трактування
1.4. Художній дискурс в літературі та його особливості
1.5. Метафора, її види, функції та стилістичний потенціал
Розділ ІІ. Дискурс роману та метафора як взаємодіючі чинники художнього твору В. Набокова "Ада".
2.1. Вплив екстралінгвістичних чинників на художній дискурс: автобіографізм роману "Ада"
2.2. Належність до літературного напряму художнього дискурсу роману В. Набокова "Ада" та його вплив на досліджуваний дискурс
2.3. Характеристики метафор та їхні особливості у досліджуваному дискурсі
2.4. Аналіз стилістичних функцій виокремлених груп метафор та їхній вплив на досліджуваний художній дискурс
Висновки.
Список використаної літератури.
Додатки. _0дискурс, метафора, В. Набоков |
||
| 650 | _aResearch Papers | ||
| 999 |
_c285389 _d285389 |
||
| 942 | _cBK | ||